000 00559nam a22001337a 4500
008 230420b |||||||| |||| 00| 0 eng d
040 _aNational Science Library
_cNational Science Library
080 _a378.4(41-44)(063)
_bCom
245 _aEighth congress of the universities of the commonwealth 1958:
_bReport of proceedings
_c/ The Association of the Universities of the British Commonwealth
260 _aLondon:
_bThe Association of the Universities of the British Commonwealth,
_c1959
300 _a99p.
653 _aCommonwealth
942 _2udc
_cPR
999 _c21580
_d21580